| 000 | 00849cam a22002657a 4500 | ||
|---|---|---|---|
| 003 | CHAP | ||
| 005 | 20220329140133.0 | ||
| 008 | 971013s r 00010 d | ||
| 010 | _a47519 | ||
| 011 | _a48491 | ||
| 035 | _a52637 | ||
| 040 | _cCHAP | ||
| 090 | _aR-2503 | ||
| 100 | 0 | 0 |
_aVan Wyr, J. Louw. _9117831 |
| 245 | 1 | 2 | _aA management decision support system for process selection and long and wood residue a llocation for the new crop Radiata pine in New Zealand |
| 500 | _aSobretiro de: Appita. 37 (3): (1-4p) | ||
| 590 |
_aBATCH-UPD _b10 _c20130110 _lUCH01 _h0011 |
||
| 590 |
_aBATCH-UPD _b10 _c20130110 _lUCH01 _h1714 |
||
| 590 |
_aCONVERSION _b10 _c20130109 _lUCH01 _h1326 |
||
| 650 | 1 | 4 |
_aMadera de pino. _969650 |
| 650 | 1 | 4 |
_aPinus radiata. _988362 |
| 901 | _aBK | ||
| 942 | _cREIMP | ||
| 949 |
_aR-2503 _bBC _cR _d-117152 _eTS1 _i52637 _si |
||
| 999 |
_c47519 _d47519 |
||